000 00271nam a2200109Ia 4500
008 220120s9999||||xx |||||||||||||| ||und||
100 _aKraus, John D and Others
_911807
245 0 _aAntennas
260 _aTata mc graw hill
300 _b370
650 _aTELECOMMUNICATION
999 _c137279
_d137279